[Event "Verbandsliga Nord Baden 1112"]
[Site "Germany"]
[Date "2012.04.29"]
[Round "9.1"]
[White "Mohebbi, Jaffar"]
[Black "Chernov, Vadim A"]
[Result "1/2-1/2"]
[WhiteElo "2286"]
[BlackElo "2445"]
[PlyCount "71"]
[EventDate "2011.10.09"]
[EventType "team-tourn"]
[EventRounds "9"]
[EventCountry "GER"]
[SourceTitle "EXT 2013"]
[Source "ChessBase"]
[SourceDate "2012.11.22"]
[SourceVersion "1"]
[SourceVersionDate "2012.11.22"]
[SourceQuality "1"]
[WhiteTeam "Slavija KA"]
[BlackTeam "Ladenburg"]
[WhiteTeamCountry "GER"]
[BlackTeamCountry "GER"]

1. d4 Nf6 2. Nf3 g6 3. Nc3 Bg7 4. e4 d6 5. h3 0-0 6. Be3 c6 7. a4 Qa5 8. Nd2 Qc7 9. Bc4 Nbd7 10. 0-0 e5 11. dxe5 dxe5 12. Ba2 Nh5 13. Nc4 Nf4 14. Qd6 Qd8 15. Bxf4 exf4 16. Qxf4 Qe7 17. Qd6 Qg5 18. f4 Qh4 19. e5 Nb6 20. Nxb6 axb6 21. Ne4 Bf5 22. Qb4 Bxe5 23. g3 Qh6 24. fxe5 Qe3+ 25. Rf2 Bxe4 26. Qb3 Qd4 27. Qc3 Qxc3 28. bxc3 Kg7 29. Raf1 Bd5 30. Bxd5 cxd5 31. Rf6 Rxa4 32. e6 Re4 33. Rxf7+ Rxf7 34. Rxf7+ Kg8 35. Rxb7 Rxe6 36. Kf2 1/2-1/2

[Event "Verbandsliga Nord Baden 1112"]
[Site "Germany"]
[Date "2012.03.04"]
[Round "7.1"]
[White "Mohebbi, Jaffar"]
[Black "Nekrasov, Mihail"]
[Result "1/2-1/2"]
[WhiteElo "2286"]
[BlackElo "2387"]
[PlyCount "67"]
[EventDate "2011.10.09"]
[EventType "team-tourn"]
[EventRounds "9"]
[EventCountry "GER"]
[SourceTitle "EXT 2013"]
[Source "ChessBase"]
[SourceDate "2012.11.22"]
[SourceVersion "1"]
[SourceVersionDate "2012.11.22"]
[SourceQuality "1"]
[WhiteTeam "Slavija KA"]
[BlackTeam "Hockenheim II"]
[WhiteTeamCountry "GER"]
[BlackTeamCountry "GER"]

1. d4 d5 2. c4 e6 3. Nc3 Bb4 4. Nf3 Nf6 5. Qb3 c5 6. dxc5 Nc6 7. Bd2 Bxc5 8. cxd5 exd5 9. e3 0-0 10. Be2 d4 11. exd4 Nxd4 12. Nxd4 Bxd4 13. 0-0 Be6 14. Qc2 Rc8 15. Rad1 Qb6 16. Qa4 Rfd8 17. Qb5 Qxb5 18. Bxb5 a6 19. Be2 Rd7 20. Bf3 Rcd8 21. b3 Bg4 22. Nb1 Bxf3 23. gxf3 h6 24. Rc1 Nd5 25. Rc4 Ne7 26. Ba5 Ra8 27. Kg2 Nc6 28. Rd1 Rd5 29. Bc7 Rc8 30. Bg3 Rcd8 31. Nc3 Bxc3 32. Rxd5 Rxd5 33. Rxc3 Rd2 34. a3 1/2-1/2

[Event "Verbandsliga Nord Baden 1112"]
[Site "Germany"]
[Date "2011.11.27"]
[Round "3.1"]
[White "Schulze, Ulrich"]
[Black "Mohebbi, Jaffar"]
[Result "1/2-1/2"]
[WhiteElo "2335"]
[BlackElo "2317"]
[PlyCount "26"]
[EventDate "2011.10.09"]
[EventType "team-tourn"]
[EventRounds "9"]
[EventCountry "GER"]
[SourceTitle "EXT 2013"]
[Source "ChessBase"]
[SourceDate "2012.11.22"]
[SourceVersion "1"]
[SourceVersionDate "2012.11.22"]
[SourceQuality "1"]
[WhiteTeam "Pforzheim"]
[BlackTeam "Slavija KA"]
[WhiteTeamCountry "GER"]
[BlackTeamCountry "GER"]

1. d4 d6 2. e4 Nf6 3. Nc3 e5 4. Nf3 exd4 5. Nxd4 Be7 6. Be2 a6 7. a4 c5 8. Nf3 Nc6 9. Bf4 h6 10. Qd2 Be6 11. 0-0 d5 12. exd5 Nxd5 13. Nxd5 Qxd5 1/2-1/2